000 nam a22 a 4500
999 _c428437
_d428437
003 BLK
005 20210813143447.0
008 200827b bu |||||r|||| 00| | bu d
040 _aBLK
041 _aRUS
_cRUS
080 _aНорвежка литература
_b821.113.5
_x-8
_z821.113.5-8
100 _aИбсен, Хенрик
_eпърви автор
_91299
139 _aИбсен, Хенрик
245 1 0 _aПолное собрание сочинений Генрика Ибсена
_bТ. 1-8
_cГенрик Ибсен; Пер. с дат.-норв. А. и П. Ганзен
_nТ. 2
260 _aМосква
_bС. Скирмунт
_c1906
_9218050
300 _c22 см
380 _aX
505 _tБогатырский курган
505 _tФру Ингер
505 _tПир в Сольхауге
505 _tОлаф Лилиенкранс
505 _tВоители в Гельгеланде
700 _aГанзен, Анна Васильевна
_eпрев. от дат.
_91064
700 _aГанзен, Петр Готфридович
_eпрев. от дат.
_91064
760 _aИбсен, Хенрик
_h[8], 397 с.
_oТ.2
_tПолное собрание сочинений Генрика Ибсена
852 _aЦб 8.220.9008
_bО
856 4 _qpdf
_u
856 4 _qpdf
_u
942 _cKNG
_n0
_s1
944 _aCR
_c2021-08-13
_kК.Д.